Statistics for Most Democratic Countries with Exceptions

Click here to take the quiz!

General Stats

  • This quiz has been taken 13,681 times
  • The average score is 9 of 16

Answer Stats

ScoreCountryGrowth% Correct
7.92United States- 0.04
98%
9.24Canada+ 0.02
97%
8.96Australia- 0.13
94%
9.25New Zealand- 0.01
92%
8.13Japan+ 0.14
89%
8.01South Korea+ 0.01
80%
7.19Malaysia+ 0.03
71%
8.28Chile+ 0.20
61%
8.94Taiwan+ 1.21
57%
7.84Israel- 0.02
51%
8.61Uruguay+ 0.23
39%
8.16Costa Rica+ 0.03
32%
7.56Cyprus- 0.03
20%
7.62Botswana- 0.19
15%
8.14Mauritius- 0.08
11%
7.65Cape Verde- 0.13
8%

Score Distribution

Percentile by Number Answered

Percent of People with Each Score

Your Score History

You have not taken this quiz